[Event "European Chess Club Cup 2023"]
[Site "Durres, Albania"]
[Date "2023.10.02"]
[Round "2.23"]
[White "Garcia Molina, Jose"]
[Black "Degraeve, Jean-Marc"]
[Result "0-1"]
[TimeControl "90' + 30' & 30\""]
[WhiteElo "2216"]
[BlackElo "2479"]

1. d4 {[%clk 01:30:24]} {[%emt 00:00:36]} g6 {[%clk 01:30:35]} {[%emt
00:00:25]} 2. c4 {[%clk 01:30:32]} {[%emt 00:00:22]} Bg7 {[%clk 01:30:56]}
{[%emt 00:00:09]} 3. Nf3 {[%clk 01:30:26]} {[%emt 00:00:35]} c5 {[%clk
01:28:17]} {[%emt 00:03:10]} 4. d5 {[%clk 01:30:01]} {[%emt 00:00:55]} d6
{[%clk 01:28:35]} {[%emt 00:00:11]} 5. g3 {[%clk 01:29:36]} {[%emt 00:00:55]}
b5 {[%clk 01:28:38]} {[%emt 00:00:28]} 6. cxb5 {[%clk 01:29:20]} {[%emt
00:00:45]} a6 {[%clk 01:29:01]} {[%emt 00:00:08]} 7. bxa6 {[%clk 01:28:57]}
{[%emt 00:00:54]} Nf6 {[%clk 01:28:56]} {[%emt 00:00:34]} 8. Nc3 {[%clk
01:29:02]} {[%emt 00:00:25]} O-O {[%clk 01:28:49]} {[%emt 00:00:37]} 9. Bg2
{[%clk 01:25:52]} {[%emt 00:03:39]} Nbd7 {[%clk 01:28:34]} {[%emt 00:00:45]} 10.
O-O {[%clk 01:25:56]} {[%emt 00:00:26]} Nb6 {[%clk 01:28:48]} {[%emt 00:00:17]}
11. Re1 {[%clk 01:17:35]} {[%emt 00:08:50]} Bxa6 {[%clk 01:28:21]} {[%emt
00:00:58]} 12. h3 {[%clk 01:09:58]} {[%emt 00:08:07]} Ra7 {[%clk 01:21:05]}
{[%emt 00:07:46]} 13. a4 {[%clk 00:55:47]} {[%emt 00:14:40]} Qa8 {[%clk
01:12:32]} {[%emt 00:09:03]} 14. e4 {[%clk 00:53:42]} {[%emt 00:02:36]} Nfd7
{[%clk 01:11:21]} {[%emt 00:01:41]} 15. Qc2 {[%clk 00:49:22]} {[%emt 00:04:50]}
Nc4 {[%clk 01:10:52]} {[%emt 00:00:58]} 16. b3 {[%clk 00:37:58]} {[%emt
00:11:55]} Nce5 {[%clk 01:09:27]} {[%emt 00:01:55]} 17. Bg5 {[%clk 00:38:04]}
{[%emt 00:00:23]} Nxf3+ {[%clk 01:05:29]} {[%emt 00:04:28]} 18. Bxf3 {[%clk
00:38:28]} {[%emt 00:00:07]} Rb8 {[%clk 01:05:26]} {[%emt 00:00:34]} 19. Rab1
{[%clk 00:36:36]} {[%emt 00:02:22]} Rab7 {[%clk 01:03:25]} {[%emt 00:02:30]} 20.
Be2 {[%clk 00:32:00]} {[%emt 00:05:06]} Bxe2 {[%clk 00:41:28]} {[%emt
00:22:27]} 21. Rxe2 {[%clk 00:27:17]} {[%emt 00:05:14]} Bxc3 {[%clk 00:41:43]}
{[%emt 00:00:15]} 22. Qxc3 {[%clk 00:27:37]} {[%emt 00:00:10]} f6 {[%clk
00:42:09]} {[%emt 00:00:04]} 23. Bd2 {[%clk 00:25:58]} {[%emt 00:02:10]} Qa6
{[%clk 00:31:48]} {[%emt 00:10:51]} 24. Ree1 {[%clk 00:25:03]} {[%emt
00:01:25]} Ne5 {[%clk 00:31:16]} {[%emt 00:01:00]} 25. Re3 {[%clk 00:09:48]}
{[%emt 00:15:46]} Nc4 {[%clk 00:29:44]} {[%emt 00:02:02]} 26. Qd3 {[%clk
00:10:02]} {[%emt 00:00:16]} Rb6 {[%clk 00:30:04]} {[%emt 00:00:10]} 27. Re2
{[%clk 00:02:32]} {[%emt 00:08:01]} Nxd2 {[%clk 00:29:20]} {[%emt 00:01:14]} 28.
Rxd2 {[%clk 00:02:36]} {[%emt 00:00:25]} c4 {[%clk 00:28:54]} {[%emt 00:00:56]}
29. Qe2 {[%clk 00:02:46]} {[%emt 00:00:21]} cxb3 {[%clk 00:28:38]} {[%emt
00:00:46]} 30. Qxa6 {[%clk 00:02:53]} {[%emt 00:00:23]} Rxa6 {[%clk 00:29:06]}
{[%emt 00:00:01]} 31. Rdb2 {[%clk 00:02:56]} {[%emt 00:00:28]} Rxa4 {[%clk
00:29:24]} {[%emt 00:00:13]} 32. f3 {[%clk 00:03:22]} {[%emt 00:00:03]} Rab4
{[%clk 00:29:06]} {[%emt 00:00:48]} 33. Kf1 {[%clk 00:03:18]} {[%emt 00:00:34]}
f5 {[%clk 00:28:49]} {[%emt 00:00:46]} 34. exf5 {[%clk 00:03:33]} {[%emt
00:00:15]} gxf5 {[%clk 00:29:17]} 35. f4 {[%clk 00:02:45]} {[%emt 00:01:19]}
Kf7 {[%clk 00:29:28]} {[%emt 00:00:19]} 36. Ke2 {[%clk 00:02:57]} {[%emt
00:00:18]} R8b5 {[%clk 00:28:40]} {[%emt 00:01:18]} 37. Kf3 {[%clk 00:02:41]}
{[%emt 00:00:46]} h5 {[%clk 00:29:03]} {[%emt 00:00:07]} 38. Rd1 {[%clk
00:02:20]} {[%emt 00:00:52]} h4 {[%clk 00:22:37]} {[%emt 00:06:55]} 39. gxh4
{[%clk 00:01:23]} {[%emt 00:01:28]} Rc5 {[%clk 00:22:59]} {[%emt 00:00:08]} 40.
Rd3 {[%clk 00:01:42]} {[%emt 00:00:10]} Rcc4 {[%clk 00:23:15]} {[%emt
00:00:14]} 41. Rbxb3 {[%clk 00:00:46]} {[%emt 00:01:26]} Rxf4+ {[%clk
00:23:14]} {[%emt 00:00:32]} 42. Kg3 {[%clk 00:00:45]} {[%emt 00:00:31]} Rxh4
{[%clk 00:23:17]} {[%emt 00:00:26]} 43. Rxb4 {[%clk 00:00:36]} {[%emt
00:00:39]} Rxb4 {[%clk 00:23:44]} {[%emt 00:00:03]} 44. Kf3 {[%clk 00:00:57]}
{[%emt 00:00:10]} Kf6 {[%clk 00:23:55]} {[%emt 00:00:18]} 45. Kg3 {[%clk
00:01:01]} {[%emt 00:00:27]} Ke5 {[%clk 00:23:13]} {[%emt 00:01:11]} 46. Re3+
{[%clk 00:01:26]} {[%emt 00:00:05]} Re4 {[%clk 00:23:25]} {[%emt 00:00:19]} 47.
Rd3 {[%clk 00:01:41]} {[%emt 00:00:15]} Rd4 {[%clk 00:17:32]} {[%emt 00:06:21]}
48. Rxd4 {[%clk 00:01:31]} {[%emt 00:00:41]} Kxd4 {[%clk 00:18:00]} {[%emt
00:00:03]} 49. Kf4 {[%clk 00:01:55]} {[%emt 00:00:06]} Kxd5 {[%clk 00:18:24]}
{[%emt 00:00:05]} 50. Kxf5 {[%clk 00:02:03]} {[%emt 00:00:23]} e5 {[%clk
00:16:59]} {[%emt 00:01:55]} 51. h4 {[%clk 00:01:25]} {[%emt 00:01:08]} e4
{[%clk 00:17:23]} {[%emt 00:00:05]} 52. Kf4 {[%clk 00:00:34]} {[%emt 00:01:22]}
Kd4 {[%clk 00:17:47]} {[%emt 00:00:06]} 53. h5 {[%clk 00:30:27]} {[%emt
00:00:38]} e3 {[%clk 00:48:10]} {[%emt 00:00:06]} 54. h6 {[%clk 00:30:25]}
{[%emt 00:00:32]} e2 {[%clk 00:48:35]} {[%emt 00:00:05]} 55. h7 {[%clk
00:30:36]} {[%emt 00:00:19]} e1=Q {[%clk 00:48:58]} {[%emt 00:00:08]} 0-1

[Event "European Chess Club Cup 2023"]
[Site "Durres, Albania"]
[Date "2023.10.02"]
[Round "2.24"]
[White "Delchev, Aleksander"]
[Black "Sanz Wawer, Daniel"]
[Result "1-0"]
[TimeControl "90' + 30' & 30\""]
[WhiteElo "2514"]
[BlackElo "2359"]

1. d4 {[%clk 01:30:51]} {[%emt 00:00:07]} Nf6 {[%clk 01:30:53]} {[%emt
00:00:08]} 2. c4 {[%clk 01:31:15]} {[%emt 00:00:05]} e6 {[%clk 01:31:16]}
{[%emt 00:00:09]} 3. Nf3 {[%clk 01:31:40]} {[%emt 00:00:05]} d5 {[%clk
01:31:33]} {[%emt 00:00:13]} 4. Nc3 {[%clk 01:32:02]} {[%emt 00:00:07]} Be7
{[%clk 01:31:29]} {[%emt 00:00:34]} 5. Bf4 {[%clk 01:32:03]} {[%emt 00:00:29]}
O-O {[%clk 01:31:22]} {[%emt 00:00:37]} 6. e3 {[%clk 01:32:26]} {[%emt
00:00:05]} c5 {[%clk 01:23:24]} {[%emt 00:08:29]} 7. dxc5 {[%clk 01:32:47]}
{[%emt 00:00:08]} Bxc5 {[%clk 01:22:51]} {[%emt 00:01:04]} 8. a3 {[%clk
01:27:11]} {[%emt 00:06:06]} Nc6 {[%clk 01:20:30]} {[%emt 00:02:51]} 9. Qc2
{[%clk 01:27:04]} {[%emt 00:00:37]} Qa5 {[%clk 01:15:16]} {[%emt 00:05:45]} 10.
Rd1 {[%clk 01:26:53]} {[%emt 00:00:40]} dxc4 {[%clk 01:05:02]} {[%emt
00:10:45]} 11. Bxc4 {[%clk 01:26:53]} {[%emt 00:00:30]} Be7 {[%clk 01:04:40]}
{[%emt 00:00:52]} 12. O-O {[%clk 01:20:48]} {[%emt 00:06:34]} a6 {[%clk
01:01:31]} {[%emt 00:03:40]} 13. Ba2 {[%clk 01:02:21]} {[%emt 00:18:57]} Qh5
{[%clk 00:52:36]} {[%emt 00:09:26]} 14. Ne2 {[%clk 00:53:09]} {[%emt 00:09:42]}
Qc5 {[%clk 00:48:57]} {[%emt 00:04:07]} 15. Qxc5 {[%clk 00:50:48]} {[%emt
00:02:52]} Bxc5 {[%clk 00:49:23]} {[%emt 00:00:04]} 16. Ne5 {[%clk 00:48:47]}
{[%emt 00:02:31]} Nxe5 {[%clk 00:44:00]} {[%emt 00:05:53]} 17. Bxe5 {[%clk
00:49:11]} {[%emt 00:00:06]} b6 {[%clk 00:37:43]} {[%emt 00:06:46]} 18. Nc3
{[%clk 00:44:20]} {[%emt 00:05:21]} b5 {[%clk 00:34:32]} {[%emt 00:03:42]} 19.
Bd6 {[%clk 00:39:12]} {[%emt 00:05:38]} Bxd6 {[%clk 00:34:52]} {[%emt
00:00:10]} 20. Rxd6 {[%clk 00:39:39]} {[%emt 00:00:03]} Bb7 {[%clk 00:34:01]}
{[%emt 00:01:21]} 21. Rfd1 {[%clk 00:39:59]} {[%emt 00:00:09]} Rfb8 {[%clk
00:31:51]} {[%emt 00:02:39]} 22. f3 {[%clk 00:40:16]} {[%emt 00:00:14]} Kf8
{[%clk 00:30:35]} {[%emt 00:01:46]} 23. e4 {[%clk 00:38:47]} {[%emt 00:01:59]}
Ne8 {[%clk 00:29:34]} {[%emt 00:01:31]} 24. R6d2 {[%clk 00:33:27]} {[%emt
00:05:49]} Bc6 {[%clk 00:27:08]} {[%emt 00:02:56]} 25. b4 {[%clk 00:24:46]}
{[%emt 00:09:11]} Ke7 {[%clk 00:26:22]} {[%emt 00:01:17]} 26. Ne2 {[%clk
00:24:20]} {[%emt 00:00:55]} Rd8 {[%clk 00:24:50]} {[%emt 00:02:02]} 27. Nd4
{[%clk 00:24:43]} {[%emt 00:00:06]} Bb7 {[%clk 00:24:09]} {[%emt 00:01:12]} 28.
Nb3 {[%clk 00:23:46]} {[%emt 00:01:27]} Rxd2 {[%clk 00:24:08]} {[%emt
00:00:31]} 29. Rxd2 {[%clk 00:24:14]} Rd8 {[%clk 00:21:27]} {[%emt 00:03:12]}
30. Rxd8 {[%clk 00:24:39]} {[%emt 00:00:05]} Kxd8 {[%clk 00:21:53]} {[%emt
00:00:04]} 31. Nc5 {[%clk 00:25:04]} {[%emt 00:00:04]} Bc8 {[%clk 00:21:04]}
{[%emt 00:01:20]} 32. e5 {[%clk 00:23:14]} {[%emt 00:02:20]} Ke7 {[%clk
00:12:43]} {[%emt 00:08:51]} 33. Kf2 {[%clk 00:23:32]} {[%emt 00:00:12]} Nc7
{[%clk 00:11:31]} {[%emt 00:01:40]} 34. f4 {[%clk 00:19:50]} {[%emt 00:04:13]}
Na8 {[%clk 00:08:45]} {[%emt 00:03:15]} 35. Ke3 {[%clk 00:19:39]} {[%emt
00:00:41]} Nb6 {[%clk 00:08:47]} {[%emt 00:00:28]} 36. Kd4 {[%clk 00:20:03]}
{[%emt 00:00:05]} h6 {[%clk 00:08:41]} {[%emt 00:00:37]} 37. g3 {[%clk
00:20:00]} {[%emt 00:00:34]} Kd8 {[%clk 00:07:02]} {[%emt 00:02:08]} 38. Bb3
{[%clk 00:16:50]} {[%emt 00:03:40]} Kc7 {[%clk 00:05:47]} {[%emt 00:01:45]} 39.
Ne4 {[%clk 00:15:07]} {[%emt 00:02:13]} Bd7 {[%clk 00:05:47]} {[%emt 00:00:31]}
40. Nd6 {[%clk 00:06:12]} {[%emt 00:09:24]} f5 {[%clk 00:04:19]} {[%emt
00:01:58]} 41. Kc5 {[%clk 00:23:08]} {[%emt 00:13:32]} Nc8 {[%clk 00:33:01]}
{[%emt 00:01:50]} 42. Nxc8 {[%clk 00:19:11]} {[%emt 00:04:27]} Bxc8 {[%clk
00:33:16]} {[%emt 00:00:15]} 43. a4 {[%clk 00:19:36]} {[%emt 00:00:05]} bxa4
{[%clk 00:29:39]} {[%emt 00:04:07]} 44. Bxa4 {[%clk 00:20:00]} {[%emt
00:00:05]} g5 {[%clk 00:30:06]} {[%emt 00:00:03]} 45. h4 {[%clk 00:19:59]}
{[%emt 00:00:31]} gxf4 {[%clk 00:29:31]} {[%emt 00:01:05]} 46. gxf4 {[%clk
00:20:23]} {[%emt 00:00:05]} 1-0

[Event "European Chess Club Cup 2023"]
[Site "Durres, Albania"]
[Date "2023.10.02"]
[Round "2.25"]
[White "Nagy, Gabor"]
[Black "Amin, Bassem"]
[Result "1/2-1/2"]
[TimeControl "90' + 30' & 30\""]
[WhiteElo "2439"]
[BlackElo "2680"]

1. d4 {[%clk 01:30:55]} {[%emt 00:00:03]} Nf6 {[%clk 01:28:11]} {[%emt
00:02:50]} 2. c4 {[%clk 01:30:48]} {[%emt 00:00:36]} g6 {[%clk 01:28:34]}
{[%emt 00:00:08]} 3. g3 {[%clk 01:30:29]} {[%emt 00:00:49]} Bg7 {[%clk
01:28:37]} {[%emt 00:00:28]} 4. Bg2 {[%clk 01:30:42]} {[%emt 00:00:15]} O-O
{[%clk 01:29:01]} {[%emt 00:00:07]} 5. Nc3 {[%clk 01:30:42]} {[%emt 00:00:30]}
d6 {[%clk 01:29:21]} {[%emt 00:00:11]} 6. Nf3 {[%clk 01:30:45]} {[%emt
00:00:25]} c6 {[%clk 01:29:37]} {[%emt 00:00:15]} 7. O-O {[%clk 01:30:50]}
{[%emt 00:00:24]} Bf5 {[%clk 01:30:03]} {[%emt 00:00:05]} 8. Ne1 {[%clk
01:30:44]} {[%emt 00:00:36]} e5 {[%clk 01:30:20]} {[%emt 00:00:13]} 9. d5
{[%clk 01:30:38]} {[%emt 00:00:36]} cxd5 {[%clk 01:30:44]} {[%emt 00:00:07]} 10.
cxd5 {[%clk 01:30:47]} {[%emt 00:00:20]} a5 {[%clk 01:31:07]} {[%emt 00:00:08]}
11. e4 {[%clk 01:30:47]} {[%emt 00:00:29]} Bd7 {[%clk 01:31:34]} {[%emt
00:00:03]} 12. a4 {[%clk 01:30:55]} {[%emt 00:00:22]} Na6 {[%clk 01:31:58]}
{[%emt 00:00:07]} 13. Nd3 {[%clk 01:30:56]} {[%emt 00:00:28]} Ne8 {[%clk
01:32:21]} {[%emt 00:00:08]} 14. Be3 {[%clk 01:30:37]} {[%emt 00:00:47]} b6
{[%clk 01:32:27]} {[%emt 00:00:26]} 15. Rb1 {[%clk 01:22:48]} {[%emt 00:08:19]}
f5 {[%clk 01:24:46]} {[%emt 00:08:10]} 16. f4 {[%clk 01:11:44]} {[%emt
00:11:33]} Nf6 {[%clk 00:56:34]} {[%emt 00:28:43]} 17. fxe5 {[%clk 01:01:47]}
{[%emt 00:10:27]} Ng4 {[%clk 00:56:40]} {[%emt 00:00:24]} 18. Qe2 {[%clk
01:00:42]} {[%emt 00:01:34]} Nxe5 {[%clk 00:42:53]} {[%emt 00:14:18]} 19. Nf4
{[%clk 00:58:36]} {[%emt 00:02:35]} Nc5 {[%clk 00:41:43]} {[%emt 00:01:41]} 20.
Bxc5 {[%clk 00:47:04]} {[%emt 00:12:01]} bxc5 {[%clk 00:41:27]} {[%emt
00:00:47]} 21. Ne6 {[%clk 00:47:23]} {[%emt 00:00:11]} Qb6 {[%clk 00:41:26]}
{[%emt 00:00:31]} 22. exf5 {[%clk 00:44:21]} {[%emt 00:03:33]} c4+ {[%clk
00:40:18]} {[%emt 00:01:38]} 23. Kh1 {[%clk 00:44:27]} {[%emt 00:00:23]} Rxf5
{[%clk 00:38:16]} {[%emt 00:02:32]} 24. Rxf5 {[%clk 00:43:08]} gxf5 {[%clk
00:38:43]} {[%emt 00:01:53]} 25. Rf1 {[%clk 00:43:04]} {[%emt 00:00:33]} Rb8
{[%clk 00:38:22]} {[%emt 00:00:51]} 26. Nb5 {[%clk 00:40:54]} {[%emt 00:02:40]}
Bxb5 {[%clk 00:33:59]} {[%emt 00:04:53]} 27. axb5 {[%clk 00:41:02]} {[%emt
00:00:22]} Qxb5 {[%clk 00:33:27]} {[%emt 00:01:03]} 28. Qh5 {[%clk 00:41:05]}
{[%emt 00:00:26]} Qxb2 {[%clk 00:13:59]} {[%emt 00:19:59]} 29. Qxf5 {[%clk
00:39:12]} {[%emt 00:02:22]} Ng6 {[%clk 00:14:06]} {[%emt 00:00:23]} 30. h4
{[%clk 00:35:01]} {[%emt 00:04:41]} Qe5 {[%clk 00:09:48]} {[%emt 00:04:48]} 31.
Qf7+ {[%clk 00:33:27]} {[%emt 00:02:04]} Kh8 {[%clk 00:10:17]} {[%emt
00:00:02]} 32. Rf5 {[%clk 00:32:03]} {[%emt 00:01:54]} Qe1+ {[%clk 00:08:25]}
{[%emt 00:02:21]} 33. Rf1 {[%clk 00:32:09]} {[%emt 00:00:24]} Qe5 {[%clk
00:08:28]} {[%emt 00:00:28]} 34. Rf5 {[%clk 00:31:05]} {[%emt 00:01:33]} Qe1+
{[%clk 00:07:07]} {[%emt 00:01:52]} 35. Rf1 {[%clk 00:31:20]} {[%emt 00:00:13]}
1/2-1/2

[Event "European Chess Club Cup 2023"]
[Site "Durres, Albania"]
[Date "2023.10.02"]
[Round "2.26"]
[White "Kryvoruchko, Yuriy"]
[Black "Galyas, Miklos"]
[Result "1-0"]
[TimeControl "90' + 30' & 30\""]
[WhiteElo "2656"]
[BlackElo "2467"]

1. e4 {[%clk 01:30:57]} {[%emt 00:00:02]} c6 {[%clk 01:30:52]} {[%emt
00:00:09]} 2. d4 {[%clk 01:31:03]} {[%emt 00:00:23]} d5 {[%clk 01:31:14]}
{[%emt 00:00:08]} 3. e5 {[%clk 01:31:26]} {[%emt 00:00:06]} c5 {[%clk
01:31:36]} {[%emt 00:00:08]} 4. Nf3 {[%clk 01:31:46]} {[%emt 00:00:11]} cxd4
{[%clk 01:31:58]} {[%emt 00:00:07]} 5. Nxd4 {[%clk 01:32:00]} {[%emt 00:00:16]}
Nc6 {[%clk 01:32:17]} {[%emt 00:00:11]} 6. Nxc6 {[%clk 01:32:11]} {[%emt
00:00:19]} bxc6 {[%clk 01:32:44]} {[%emt 00:00:03]} 7. Bd3 {[%clk 01:32:33]}
{[%emt 00:00:08]} e6 {[%clk 01:32:37]} {[%emt 00:00:38]} 8. O-O {[%clk
01:32:54]} {[%emt 00:00:09]} a5 {[%clk 01:32:18]} {[%emt 00:00:48]} 9. Re1
{[%clk 01:28:59]} {[%emt 00:04:25]} Ba6 {[%clk 01:31:57]} {[%emt 00:00:51]} 10.
Bxa6 {[%clk 01:26:08]} {[%emt 00:03:21]} Rxa6 {[%clk 01:32:25]} {[%emt
00:00:03]} 11. c4 {[%clk 01:26:32]} {[%emt 00:00:05]} Bb4 {[%clk 01:25:13]}
{[%emt 00:07:42]} 12. Nc3 {[%clk 01:12:44]} {[%emt 00:14:18]} Ne7 {[%clk
01:22:53]} {[%emt 00:02:50]} 13. a3 {[%clk 01:12:41]} {[%emt 00:00:33]} Bxc3
{[%clk 01:20:24]} {[%emt 00:02:59]} 14. bxc3 {[%clk 01:13:07]} {[%emt
00:00:04]} dxc4 {[%clk 01:05:18]} {[%emt 00:15:36]} 15. Qg4 {[%clk 01:08:48]}
{[%emt 00:04:49]} Qd3 {[%clk 01:02:52]} {[%emt 00:02:56]} 16. Be3 {[%clk
01:05:44]} {[%emt 00:03:34]} h5 {[%clk 00:47:36]} {[%emt 00:15:47]} 17. Qg5
{[%clk 00:52:01]} {[%emt 00:14:13]} Qf5 {[%clk 00:25:05]} {[%emt 00:23:01]} 18.
Rab1 {[%clk 00:50:50]} {[%emt 00:01:41]} Ra8 {[%clk 00:24:24]} {[%emt
00:01:10]} 19. Qxf5 {[%clk 00:44:31]} {[%emt 00:06:50]} exf5 {[%clk 00:22:38]}
{[%emt 00:02:16]} 20. Rb7 {[%clk 00:44:16]} {[%emt 00:00:44]} Nd5 {[%clk
00:22:37]} {[%emt 00:00:31]} 21. e6 {[%clk 00:44:11]} {[%emt 00:00:35]} fxe6
{[%clk 00:19:10]} {[%emt 00:03:57]} 22. Bd4 {[%emt 00:17:40]} Kd8 {[%clk
00:14:13]} {[%emt 00:00:26]} 23. Rxe6 {[%clk 00:31:30]} {[%emt 00:01:02]} Re8
{[%clk 00:13:46]} {[%emt 00:00:57]} 24. Rxe8+ {[%clk 00:31:32]} {[%emt
00:00:28]} Kxe8 {[%clk 00:14:14]} {[%emt 00:00:01]} 25. Rxg7 {[%clk 00:31:18]}
{[%emt 00:00:45]} Rd8 {[%clk 00:12:59]} {[%emt 00:01:45]} 26. g3 {[%clk
00:26:34]} {[%emt 00:05:15]} f4 {[%clk 00:10:40]} {[%emt 00:02:49]} 27. Kg2
{[%clk 00:25:27]} {[%emt 00:01:37]} Rd7 {[%clk 00:09:18]} {[%emt 00:01:51]} 28.
Rg8+ {[%clk 00:20:55]} {[%emt 00:05:02]} Kf7 {[%clk 00:09:42]} {[%emt
00:00:05]} 29. Rg5 {[%clk 00:21:20]} {[%emt 00:00:06]} fxg3 {[%clk 00:08:44]}
{[%emt 00:01:28]} 30. hxg3 {[%clk 00:21:40]} {[%emt 00:00:11]} c5 {[%clk
00:05:09]} {[%emt 00:04:04]} 31. Be5 {[%clk 00:21:57]} {[%emt 00:00:14]} Ke6
{[%clk 00:05:18]} {[%emt 00:00:20]} 32. Rxh5 {[%clk 00:20:18]} {[%emt
00:02:09]} Rb7 {[%clk 00:05:42]} {[%emt 00:00:06]} 33. f4 {[%clk 00:12:37]}
{[%emt 00:08:11]} Rb3 {[%clk 00:05:26]} {[%emt 00:00:46]} 34. Rh6+ {[%clk
00:12:40]} {[%emt 00:00:27]} Kf7 {[%clk 00:05:41]} {[%emt 00:00:15]} 35. g4
{[%clk 00:09:57]} {[%emt 00:03:13]} Nxc3 {[%clk 00:03:25]} {[%emt 00:02:46]} 36.
g5 {[%clk 00:09:27]} {[%emt 00:01:00]} Ne4 {[%clk 00:03:13]} {[%emt 00:00:42]}
37. g6+ {[%clk 00:09:41]} {[%emt 00:00:17]} Ke6 {[%clk 00:02:07]} {[%emt
00:01:36]} 38. g7+ {[%clk 00:09:53]} {[%emt 00:00:18]} Kf7 {[%clk 00:02:28]}
{[%emt 00:00:08]} 39. f5 {[%clk 00:07:52]} {[%emt 00:02:31]} c3 {[%clk
00:01:18]} {[%emt 00:01:40]} 40. Rh8 {[%clk 00:07:59]} {[%emt 00:00:23]} 1-0

[Event "European Chess Club Cup 2023"]
[Site "Durres, Albania"]
[Date "2023.10.02"]
[Round "2.27"]
[White "Berczes, David"]
[Black "Wagner, Dennis"]
[Result "0-1"]
[TimeControl "90' + 30' & 30\""]
[WhiteElo "2445"]
[BlackElo "2589"]

1. Nf3 {[%clk 01:30:47]} {[%emt 00:00:12]} Nf6 {[%clk 01:30:29]} {[%emt
00:00:31]} 2. c4 {[%clk 01:30:38]} {[%emt 00:00:40]} c5 {[%clk 01:30:11]}
{[%emt 00:00:48]} 3. Nc3 {[%clk 01:29:54]} {[%emt 00:01:15]} d5 {[%clk
01:29:56]} {[%emt 00:00:45]} 4. cxd5 {[%clk 01:29:04]} {[%emt 00:01:20]} Nxd5
{[%clk 01:30:17]} {[%emt 00:00:09]} 5. g3 {[%clk 01:19:52]} {[%emt 00:09:42]}
Nc6 {[%clk 01:30:11]} {[%emt 00:00:36]} 6. Bg2 {[%clk 01:20:17]} {[%emt
00:00:05]} Nc7 {[%clk 01:30:07]} {[%emt 00:00:33]} 7. d3 {[%clk 01:16:23]}
{[%emt 00:04:24]} e5 {[%clk 01:29:59]} {[%emt 00:00:38]} 8. Nd2 {[%clk
01:13:06]} {[%emt 00:03:48]} Bd7 {[%clk 01:29:20]} {[%emt 00:01:08]} 9. Nc4
{[%clk 01:11:25]} {[%emt 00:02:12]} Be7 {[%clk 01:29:27]} {[%emt 00:00:22]} 10.
O-O {[%clk 01:07:23]} {[%emt 00:04:32]} f6 {[%clk 01:29:48]} {[%emt 00:00:10]}
11. f4 {[%clk 01:02:24]} {[%emt 00:05:29]} b5 {[%clk 01:29:36]} {[%emt
00:00:42]} 12. Ne3 {[%clk 01:02:30]} {[%emt 00:00:24]} exf4 {[%clk 01:29:43]}
{[%emt 00:00:23]} 13. gxf4 {[%clk 00:44:27]} {[%emt 00:18:33]} O-O {[%clk
01:19:51]} {[%emt 00:10:22]} 14. a4 {[%clk 00:37:48]} {[%emt 00:07:09]} bxa4
{[%clk 01:01:21]} {[%emt 00:19:00]} 15. Nxa4 {[%clk 00:30:00]} {[%emt
00:08:18]} f5 {[%clk 00:54:08]} {[%emt 00:07:43]} 16. Bd2 {[%clk 00:23:33]}
{[%emt 00:06:58]} Rb8 {[%clk 00:46:03]} {[%emt 00:08:35]} 17. Nc4 {[%clk
00:09:06]} {[%emt 00:14:56]} Rf6 {[%clk 00:39:24]} {[%emt 00:07:08]} 18. Nc3
{[%clk 00:07:05]} {[%emt 00:02:32]} Rh6 {[%clk 00:38:38]} {[%emt 00:01:16]} 19.
Be1 {[%clk 00:05:41]} {[%emt 00:01:54]} Bh4 {[%clk 00:36:48]} {[%emt 00:02:20]}
20. e3 {[%clk 00:04:51]} {[%emt 00:01:20]} Be8 {[%clk 00:34:05]} {[%emt
00:03:12]} 21. Bg3 {[%clk 00:02:38]} {[%emt 00:02:44]} Qe7 {[%clk 00:21:52]}
{[%emt 00:12:43]} 22. Qf3 {[%clk 00:02:10]} {[%emt 00:00:58]} Rd8 {[%clk
00:20:51]} {[%emt 00:01:31]} 23. Bxh4 {[%clk 00:00:49]} {[%emt 00:01:51]} Qxh4
{[%clk 00:21:11]} {[%emt 00:00:10]} 24. Qg3 {[%clk 00:01:09]} {[%emt 00:00:11]}
Qe7 {[%clk 00:11:08]} {[%emt 00:10:31]} 25. Kh1 {[%clk 00:00:47]} {[%emt
00:00:52]} Rxd3 {[%clk 00:08:53]} {[%emt 00:02:46]} 26. Rfd1 {[%clk 00:00:43]}
{[%emt 00:00:34]} Rxd1+ {[%clk 00:08:28]} {[%emt 00:00:55]} 27. Rxd1 {[%clk
00:01:07]} {[%emt 00:00:06]} Bf7 {[%clk 00:07:58]} {[%emt 00:01:00]} 28. b3
{[%clk 00:00:40]} {[%emt 00:00:57]} Nb4 {[%clk 00:05:54]} {[%emt 00:02:34]} 29.
Qg5 {[%clk 00:00:33]} {[%emt 00:00:37]} Rf6 {[%clk 00:05:54]} {[%emt 00:00:29]}
30. Ne5 {[%clk 00:00:32]} {[%emt 00:00:31]} h6 {[%clk 00:04:49]} {[%emt
00:01:35]} 31. Qh4 {[%clk 00:00:44]} {[%emt 00:00:19]} Be8 {[%clk 00:03:52]}
{[%emt 00:01:27]} 32. Bf3 {[%clk 00:00:32]} {[%emt 00:00:42]} Kf8 {[%clk
00:03:31]} {[%emt 00:00:51]} 33. Qh3 {[%clk 00:00:32]} {[%emt 00:00:30]} Qe6
{[%clk 00:03:11]} {[%emt 00:00:50]} 34. Nc4 {[%clk 00:00:44]} {[%emt 00:00:18]}
Bc6 {[%clk 00:01:43]} {[%emt 00:01:58]} 35. Rd6 {[%clk 00:00:33]} {[%emt
00:00:41]} Qe7 {[%clk 00:01:54]} {[%emt 00:00:19]} 36. Bxc6 {[%clk 00:00:32]}
{[%emt 00:00:31]} Nxc6 {[%clk 00:02:07]} {[%emt 00:00:17]} 37. Rd1 {[%clk
00:00:31]} {[%emt 00:00:30]} Kg8 {[%clk 00:01:32]} {[%emt 00:01:05]} 38. Qf3
{[%clk 00:00:54]} {[%emt 00:00:08]} Kh7 {[%clk 00:01:37]} {[%emt 00:00:25]} 39.
Rd2 {[%clk 00:00:37]} {[%emt 00:00:47]} Rg6 {[%clk 00:00:40]} {[%emt 00:01:28]}
40. h3 {[%clk 00:00:32]} {[%emt 00:00:35]} Nd4 {[%clk 00:00:41]} {[%emt
00:00:28]} 41. Qf1 {[%clk 00:25:17]} {[%emt 00:05:46]} Rg3 {[%clk 00:19:14]}
{[%emt 00:11:56]} 42. exd4 {[%clk 00:15:11]} {[%emt 00:10:36]} Rxc3 {[%clk
00:19:37]} {[%emt 00:00:07]} 43. Ne5 {[%clk 00:15:22]} {[%emt 00:00:19]} Qh4
{[%clk 00:14:36]} {[%emt 00:05:30]} 44. Rd3 {[%clk 00:10:45]} {[%emt 00:05:07]}
cxd4 {[%clk 00:12:26]} {[%emt 00:02:41]} 45. Qg1 {[%clk 00:06:43]} {[%emt
00:04:32]} Rxd3 {[%clk 00:11:02]} {[%emt 00:01:54]} 46. Qg6+ {[%clk 00:06:41]}
{[%emt 00:00:32]} Kh8 {[%clk 00:11:28]} {[%emt 00:00:04]} 0-1